La infalibilidad de la Iglesia / (Record no. 188656)

MARC details
000 -LEADER
campo de control de longitud fija 00770nam a2200229 i 4500
001 - NÚMERO DE CONTROL
campo de control 188656
003 - IDENTIFICADOR DE NÚMERO DE CONTROL
campo de control ES-MaACL
005 - FECHA Y HORA DE LA ÚLTIMA TRANSACCIÓN
campo de control 20230906223253.0
007 - CAMPO FIJO DE DESCRIPCIÓN FÍSICA--INFORMACIÓN GENERAL
campo de control de longitud fija t|
008 - DATOS DE LONGITUD FIJA--INFORMACIÓN GENERAL
campo de control de longitud fija 190117s1964 sp ||||1| spa d
245 03 - MENCIÓN DEL TÍTULO
Título La infalibilidad de la Iglesia /
Mención de responsabilidad, etc. O. Rousseau, J-J. von Allmen, B.-D. Dupuy, B. Reynders...; [traductor, Andrés Rodríguez Resina].
250 ## - MENCION DE EDICION
Mención de edición [1ª ed.].
260 ## - PUBLICACIÓN, DISTRIBUCIÓN, ETC.
Lugar de publicación, distribución, etc. Barcelona :
Nombre del editor, distribuidor, etc. Estela,
Fecha de publicación, distribución, etc. [1964]
300 ## - DESCRIPCIÓN FÍSICA
Extensión 270 p. ;
Dimensiones 24 cm.
490 1# - MENCIÓN DE SERIE
Mención de serie Colección "Ecclesia" ;
Designación de volumen o secuencia 9
610 24 - PUNTO DE ACCESO ADICIONAL DE MATERIA--NOMBRE DE ENTIDAD CORPORATIVA
Nombre de entidad corporativa o nombre de jurisdicción como elemento de entrada Iglesia Católica-
Subdivisión general Infalibilidad.
9 (RLIN) 165812
700 1# - ENTRADA AGREGADA--NOMBRE PERSONAL
Nombre de persona Rousseau, Olivier.
9 (RLIN) 165995
700 0# - ENTRADA AGREGADA--NOMBRE PERSONAL
Nombre de persona Rodríguez Resina, Andrés.
9 (RLIN) 98755
830 0# - PUNTO DE ACCESO ADICIONAL DE SERIE-TÍTULO UNIFORME
Título uniforme Colección "Ecclesia" ;
Designación de volumen o secuencia 9
9 (RLIN) 182103
852 ## - LOCALIZACIÓN
Ubicación ES-MaACL
Número de control de estantería P-315-bis-8
Holdings
Estatus retirado Estado de pérdida Estado de daño No para préstamo Biblioteca de origen Biblioteca actual Ubicación en estantería Fecha de adquisición Fuente de adquisición Total de préstamos Signatura topográfica completa Código de barras Visto por última vez Precio de reemplazo Tipo de ítem Koha
        Biblioteca del Ateneo de Madrid Biblioteca del Ateneo de Madrid Depósito 2 17/01/2019     P-315-bis-8 1199654 23/02/2023 23/02/2023 Libro impreso